| 000 | 00379nam a2200145Ia 4500 | ||
|---|---|---|---|
| 008 | 230718s9999 xx 000 0 und d | ||
| 041 | _aeng | ||
| 082 |
_a781.2 _bBER |
||
| 100 |
_aBeran J. _9162723 |
||
| 245 | _aStatistics In Musicology | ||
| 260 | _bChapman And Hall | ||
| 365 |
_cRs. _b4648.54 |
||
| 700 |
_aBeran J. _9162723 |
||
| 906 |
_dB:107080079803-Oct-2007 _cIT _b929.708 |
||
| 999 |
_c317469 _d317469 |
||